Sports Quiz

Random Sports Quiz

Belts in brazilian jui-jitsu Quiz Stats

 Plays Quiz not verified by Sporcle

Challenge
Share
Tweet
Embed
Score 0/15 Timer 02:00
0 Plays Today
% Correct
black
100%
white
96.2%
blue
96.2%
brown
96.2%
purple
92.3%
red
88.5%
black 1st degree
15.4%
black 2nd degree
15.4%
% Correct
black 3rd degree
15.4%
black 4th degree
15.4%
black 5th degree
15.4%
black 6th degree
15.4%
black 7th degree
15.4%
black 8th degree
15.4%
black 9th degree
15.4%

You're not logged in!

Compare scores with friends on all Sporcle quizzes.
OR
Log In

You Might Also Like...

Show Comments

Extras

Created Jun 4, 2011ReportNominate
Tags:brazil

Top Quizzes Today


Score Distribution

Your Account Isn't Verified!

In order to create a playlist on Sporcle, you need to verify the email address you used during registration. Go to your Sporcle Settings to finish the process.

Report this User

Report this user for behavior that violates our Community Guidelines.

Details: